| 000 | 01077nam a22002537a 4500 | ||
|---|---|---|---|
| 999 |
_c13912 _d13912 |
||
| 003 | AR-CdUCM | ||
| 008 | 190417b ||||| |||| 00| 0 spa d | ||
| 040 |
_aMUNICIPALIDAD PROVINCIAL DEL CUSCO _cBIBLIOTECA MUNICIPAL DEL CUSCO |
||
| 041 | _heng | ||
| 082 |
_a695.6 / _bC575 |
||
| 100 |
_aChronowicz, Albin _932521 |
||
| 245 |
_aDiseño de Cascarones : _bUn acercamiento práctico / |
||
| 260 |
_aMéxico D. F. : _bContinental, _c1962. |
||
| 300 |
_a339 páginas ; _bfiguras, fotografías, planos plegables, _c23 cm. |
||
| 500 | _aSegunda impresión en español 1962. | ||
| 505 | _aContenido: Teoría de la membrana -- La ecuación diferencial de los cascarones -- Problemas simétricos -- El cascarón extremo -- El cascarón con tragaluz -- Cascarones con vigas preesforzadas en los bordes ... | ||
| 650 |
_aCascarones _932522 |
||
| 650 |
_aDiseño de techos _932523 |
||
| 650 |
_aConstrucción _94996 |
||
| 700 |
_aEchegaray, Miguel M. (traducción) _932524 |
||
| 700 |
_aPatiño Guerra, Eduardo (revisado) _932525 |
||
| 942 |
_2ddc _cLIBROS |
||
| 945 |
_aachl _d2019-04-17 |
||